00478nam a2200193 a 4500001001300000003000900013005001700022008004100039020001000080082001600090100002400106245002100130260003600151300000800187500003500195505001000230650002000240700002400260nice12345678IN_TiNIC20260116011956.0050524s1950 shia grp 000 0 urd  ac10000a297.8bAHM1 aAhmed, Qadri Sayeed aKashf-E-Haqeeqat aShimlabIndian Institute c1950 a32p aincludes index and biblioraphy2 aIndex aJamaat-E-Islami1 aAhmed, Qadri Sayeed